Incentives for rubber production in India (Record no. 60972)

MARC details
000 -LEADER
fixed length control field 00403nam a2200157Ia 4500
100 ## - MAIN ENTRY--AUTHOR NAME
Personal name Jacob K T
245 #0 - TITLE STATEMENT
Title Incentives for rubber production in India
260 ## - PUBLICATION, DISTRIBUTION, ETC. (IMPRINT)
Name of publisher Rubber Board Bulletin
Year of publication 1966
300 ## - PHYSICAL DESCRIPTION
Number of Pages 16-21
650 ## - SUBJECT ADDED ENTRY--TOPICAL TERM
Topical Term Development scheme
650 ## - SUBJECT ADDED ENTRY--TOPICAL TERM
Topical Term India
650 ## - SUBJECT ADDED ENTRY--TOPICAL TERM
Topical Term Replanting subsidy
650 ## - SUBJECT ADDED ENTRY--TOPICAL TERM
Topical Term Rubber production
942 ## - ADDED ENTRY ELEMENTS (KOHA)
Koha item type Journals
Holdings
Withdrawn status Lost status Damaged status Not for loan Home library Current library Shelving location Date acquired Serial Enumeration / chronology Koha item type
      Journals RRII Library RRII Library Rubber general 17/12/2021 Volume 9, Issue 1 Journals